El libro práctico de la comunicación y las relaciones públicas: el porqué y el cómo de una profesión apasionante
Salvato in:
| Ente Autore: | |
|---|---|
| Natura: | Libro |
| Lingua: | spagnolo |
| Pubblicazione: |
Barcelona
Folio
1997
|
| Soggetti: | |
| Tags: |
Aggiungi Tag
Nessun Tag, puoi essere il primo ad aggiungerne!!
|
MARC
| LEADER | 00000nam a2200000 a 4500 | ||
|---|---|---|---|
| 001 | UCQ3082 | ||
| 003 | CL-VaPUC | ||
| 008 | 980817e19970000SP |||||||||||||||||spa|d | ||
| 082 | 0 | 4 | |a 659.2 |b ASO |2 21 |
| 110 | 2 | |a Asociación de Empresas Consultoras en Relaciones Públicas y Comunicación |e author |9 417148 | |
| 245 | 1 | 3 | |a El libro práctico de la comunicación y las relaciones públicas: el porqué y el cómo de una profesión apasionante |
| 300 | |a 363 p | ||
| 942 | |c BK | ||
| 945 | |d 19980817 00:00:00 |a mvenant | ||
| 260 | |a Barcelona |b Folio |c 1997 | ||
| 650 | 0 | |a Relaciones públicas |9 331772 | |
| 650 | 0 | |a Medios de comunicación de masas |9 257273 | |
| 650 | 0 | |a Proceso de comunicación |9 332060 | |
| 583 | |a last modification |c 19980817 00:00:00 |k Rodrigo Vera | ||
| 999 | |c 273730 |d 273728 | ||
| 952 | |0 0 |1 0 |4 0 |6 659_200000000000000_ASO_1997 |7 0 |8 A |9 309575 |a BIBCUR |b BIBCUR |d 2019-11-20 |i 3451356 |l 1 |o 659.2 ASO 1997 |p 3451356 |r 2025-04-22 |s 2025-03-11 |w 2019-11-20 |y BK |k PER | ||